000 00727nam a2200241Ia 4500
003 OSt
005 20220918192520.0
006 a|||||r|||| 00| 0
007 ta
008 220917b |||||||| |||| 00| 0 eng d
024 _a68,810
037 _cTextual
040 _aARTS
_cARTS
_beng
041 _2eng
_aeng
082 _aR3, L5
100 _aRescher Nicholas
_918578
245 0 _aTheory of possibility
_b a constructivistic and conceptualistic account of possible individuals and possible worlds
260 _aOxford
_bBasil Blackwell
_c1975
300 _axvi,255p. illus
_ccm.
500 _aAppendix 220-22p; Bib 223-48p
942 _hR3, L5
_cTEXL
_2CC
999 _c194981
_d194981